000 01840cam a22004814i 4500
003 PE-LiUPU
005 20250731184554.0
008 150625s r 000 0 d
020 _a9972752704
035 _a(Sirsi) i9789972752704
040 _aPE-LiUPU
_bspa
_cPE-LiUPU
_erda
082 0 4 _a909
_bS18
_221
110 2 _aSalvat Editores
245 1 0 _aAsia y África negra (siglos V al XV).
_n12 /
_cSalvat Editores.
264 1 _aLima :
_bSalvat Editores,
_c2005.
300 _a424 páginas :
_bilustraciones, mapas, fotos, diagrs, figuras ;
_c22 cm.
336 _atext
_2rdacontent
337 _aunmediated
_2rdamedia
338 _avolume
_2rdacarrier
490 0 _aHistoria Universal ;
_v12
504 _aIncluye bibliografía al final de cada artículo.
505 0 _aLos mongoles. -La India medieval. -La expanción de la cultura india en Indochina. -El influjo indio en Insulindia. -La China medieval. -El Japón aantiguo y medieval. -Vietnam y Corea: de la aculturación. -EL África occidental. -África oriental y austral.
526 _aP136
526 _aP135
526 _aP134
526 _aP133
526 _aP144
526 _aP143
526 _aP87
526 _aP35
526 _aP20
526 _aP14
526 _aP10
526 _aP06
651 4 _aAsia
_xHistoria
_ySiglo V-XV
651 4 _aAfrica
_xHistoria
_ySiglo V-XV.
910 _baj
_ceq-sm
_d20050829
942 _2ddc
_cBOOK
949 _a909 S18 12
_wDEWEY
_c1
_i55688
_lCCODEBUL1
_mBUL
_p6.00
_r0
_sY
_tBOOK
_u2015-06-25
_xBIBLIOTECA
_zUNKNOWN
_0COMPRA
_o.STAFF. Colección General
596 _a1
999 _a909 S18 12
_wDEWEY
_c44547
_i55688
_f2021-11-9
_g5
_lCCODEBUL1
_mBUL
_p6.00
_r0
_sY
_tBOOK
_u2015-6-25
_xEDUCACION
_zUNKNOWN
_0COMPRA
_o.STAFF. Colección General
_d44547
980 _81
_gALBERTO SANCHEZ Responsable de Automatización